Wilberforce: (Record no. 123938)
[ view plain ]
| 000 -LEADER | |
|---|---|
| fixed length control field | 00615mam a2200217 4500 |
| 001 - CONTROL NUMBER | |
| control field | 2137097 |
| 003 - CONTROL NUMBER IDENTIFIER | |
| control field | ARRUPE |
| 005 - DATE AND TIME OF LATEST TRANSACTION | |
| control field | 20160203120342.0 |
| 008 - FIXED-LENGTH DATA ELEMENTS--GENERAL INFORMATION | |
| fixed length control field | 750425s1923 enk 000 0 eng |
| 010 ## - LIBRARY OF CONGRESS CONTROL NUMBER | |
| LC control number | 24010035 |
| 035 ## - SYSTEM CONTROL NUMBER | |
| System control number | (OCoLC)ocm01299502 |
| 040 ## - CATALOGING SOURCE | |
| Original cataloging agency | DLC |
| Transcribing agency | CWR |
| Modifying agency | OCL |
| 050 0# - LIBRARY OF CONGRESS CALL NUMBER | |
| Classification number | HT1029.W5 |
| Item number | C65 |
| 300 ## - PHYSICAL DESCRIPTION | |
| Other physical details | front., port. |
| Dimensions | 23 cm. |
| 100 1# - MAIN ENTRY--PERSONAL NAME | |
| Personal name | Coupland, Reginald, |
| Titles and other words associated with a name | Sir, |
| Dates associated with a name | 1884-1952. |
| 9 (RLIN) | 21499 |
| 245 10 - TITLE STATEMENT | |
| Title | Wilberforce: |
| Remainder of title | a narrative |
| 260 ## - PUBLICATION, DISTRIBUTION, ETC. (IMPRINT) | |
| Place of publication, distribution, etc | Oxford, |
| Name of publisher, distributor, etc | Clarendon press, |
| Date of publication, distribution, etc | 1923. |
| 300 ## - PHYSICAL DESCRIPTION | |
| Extent | vi, 528 p. |
| 600 10 - SUBJECT ADDED ENTRY--PERSONAL NAME | |
| Personal name | Wilberforce, William, |
| Dates associated with a name | 1759-1833. |
| 9 (RLIN) | 21500 |
| 942 ## - ADDED ENTRY ELEMENTS (KOHA) | |
| Source of classification or shelving scheme | Library of Congress Classification |
| Koha item type | Monograph ( Printed materials) |
| Withdrawn status | Lost status | Source of classification or shelving scheme | Damaged status | Not for loan | Collection code | Home library | Current library | Shelving location | Date acquired | Total Checkouts | Full call number | Barcode | Date last seen | Price effective from | Koha item type |
|---|---|---|---|---|---|---|---|---|---|---|---|---|---|---|---|
| Library of Congress Classification | Main Collection | ARRUPE LIBRARY | ARRUPE LIBRARY | Main Collection | 18/01/2016 | HT1029.W5C65 | 46600000597 | 30/04/2018 | 18/01/2016 | Monograph ( Printed materials) |